00550nam a2200193 a 4500001001300000003000900013005001700022008004100039020002300080082001900103100002700122245004400149260004500193300000900238500003500247505001900282650002800301700002700329nice12345678IN_TiNIC20260116014424.0050524s2001 newa grp 000 0 eng  a0195650 c39500a891.43909bFAR aFaruqi, Shamsur Rahman aEarly Urdu Literary Culture and History aNew DelhibOxford University Pressc2001 a211p aincludes index and biblioraphy2 aIndex of Names aUrdu-Literature-history1 aFaruqi, Shamsur Rahman